Democratic governance and human development: Stocktaking and future strategies (Record no. 12348)

MARC details
000 -LEADER
fixed length control field 00515nam a2200169Ia 4500
008 - FIXED-LENGTH DATA ELEMENTS--GENERAL INFORMATION
fixed length control field 230917s9999||||xx |||||||||||||| ||und||
020 ## - ISBN
Price RS995
040 ## - CATALOGING SOURCE
-- 219357
Original cataloging agency VIVEKANANDA LIBRARY
041 ## - Language
-- English
082 ## - DDC NUMBER
Classification number 352.054 S83D
100 ## - MAIN ENTRY--PERSONAL NAME
Personal name Sisodia, Yatindra Singh, ed.
245 #0 - TITLE STATEMENT
Title Democratic governance and human development: Stocktaking and future strategies
260 ## - PUBLICATION, DISTRIBUTION, ETC. (IMPRINT)
Place of publication, distribution, etc Jaipur
Name of publisher, distributor, etc Rawat Publications
Date of publication, distribution, etc 2013
300 ## - PHYSICAL DESCRIPTION
Pages xxii, 351 p.
500 ## - GENERAL NOTE
General note 1657 05/11/2014 HBD15/6172 20/12/2014 Main Budget
942 ## - ADDED ENTRY ELEMENTS (KOHA)
Koha item type Books
Holdings
Withdrawn status Lost status Damaged status Not for loan Location (home branch) Sublocation or collection (holding branch) Date acquired Koha issues (times borrowed) Koha full call number Accession No. Koha date last seen Koha item type
        VIVEKANANDA LIBRARY VIVEKANANDA LIBRARY 28/12/2015   352.054 S83D 339226 17/09/2023 Books
© Designed and Maintained by Vivekananda Library, MDU Rohtak